| 000 | 01046nam a2200277 i 4500 | ||
|---|---|---|---|
| 001 | 189206 | ||
| 003 | SpMaBN | ||
| 005 | 20250827075450.0 | ||
| 008 | 190424s2017 mx d |||| |dspa d | ||
| 020 | _a978-84-9143-820-5 | ||
| 080 | _a316.454.7 | ||
| 245 | 0 | 0 |
_aMecanismos de participación ciudadana _b: una experiencia global / _ccoordinadores, Gerardo Romero Altamirano, Gema N. Morales Martínez. |
| 260 |
_aCiudad de México : _bTirant Lo Blanch, _c2017. |
||
| 300 |
_a429 p. : _bgráf. ; _c22 cm. |
||
| 490 | 1 | _aMonografías | |
| 500 | _aÍndice. | ||
| 504 | _aReferencias bibliográficas. | ||
| 650 | 0 | 7 |
_aParticipación ciudadana. _915850 |
| 650 | 0 | 4 |
_aParticipación política. _915853 |
| 700 | 1 |
_aRomero Altamirano, Gerardo. _9166886 |
|
| 700 | 1 |
_aMorales Martínez, Gema Nayeli _9166887 |
|
| 830 | 0 | 0 |
_aMonografías (Centro de Estudios Benaventanos "Ledo del Pozo") _9177262 |
| 852 |
_aES-MaACL _jA-14494 _9196344 _bR.151913 _cDEPO1 _dOlim: N-7494 _hDonación: Editorial |
||
| 942 |
_2udc _cMONOGRAFIA |
||
| 999 |
_c189206 _d189206 |
||